| Tag |
First Indicator |
Second Indicator |
Subfields |
| LEADER |
00000uam a2200000 a 4500 |
| 001 |
in00004145521 |
| 005 |
20260128222201.7 |
| 006 |
m o d |
| 007 |
cr cn |
| 008 |
101219s2019 xx o eng |
| 020 |
|
|
|z 9780136502708
|
| 020 |
|
|
|z 9780136502678
|
| 035 |
|
|
|a (CaSebORM)9780136502708
|
| 040 |
|
|
|d UtOrBLW
|
| 041 |
0 |
|
|a eng
|
| 100 |
1 |
|
|a DeJarld, Tina,
|e author.
|0 http://id.loc.gov/authorities/names/no2018101129
|
| 245 |
1 |
0 |
|a Adobe InDesign Classroom in a Book (2020 release /
|c DeJarld, Tina.
|
| 250 |
|
|
|a 1st edition.
|
| 264 |
|
1 |
|b Adobe Press,
|c 2019.
|
| 300 |
|
|
|a 1 online resource (449 pages)
|
| 336 |
|
|
|a text
|b txt
|2 rdacontent
|
| 337 |
|
|
|a computer
|b c
|2 rdamedia
|
| 338 |
|
|
|a online resource
|b cr
|2 rdacarrier
|
| 347 |
|
|
|a text file
|
| 520 |
|
|
|a Creative professionals seeking the fastest, easiest, most comprehensive way to learn Adobe InDesign choose Adobe InDesign Classroom in a Book (2020 release) from Adobe Press. The project-based step-by-step lessons show users the key techniques for working in InDesign. Designers will build a strong foundation of typographic, color, page layout, and document-construction skills that will enable them to produce a broad range of print and digital publications-from a simple postcard to an interactive Adobe PDF with form fields. The real-world tasks in this comprehensive book are presented in easy-to-follow lessons and are designed to train beginning Adobe InDesign users in the program-from fundamental features to powerful layout and output skills. The online companion files include all the necessary assets for readers to complete the projects featured in each lesson. All buyers of the book get full access to the Web Edition: A Web-based version of the complete ebook enhanced with video and multiple-choice quizzes.
|
| 533 |
|
|
|a Electronic reproduction.
|b Boston, MA :
|c Safari,
|n Available via World Wide Web.
|
| 538 |
|
|
|a Mode of access: World Wide Web.
|
| 542 |
|
|
|f Copyright © Adobe Press
|
| 588 |
|
|
|a Online resource; Title from title page (viewed December 27, 2019)
|
| 500 |
|
|
|a Electronic resource.
|
| 655 |
|
7 |
|a Electronic books.
|2 local
|
| 700 |
1 |
|
|a Anton, Kelly,
|e author.
|
| 710 |
2 |
|
|a Safari, an O'Reilly Media Company.
|
| 856 |
4 |
0 |
|u https://proxy.library.tamu.edu/login?url=https://go.oreilly.com/TAMU/library/view/-/9780136502708/?ar
|z Connect to this electronic resource
|t 0
|
| 999 |
f |
f |
|s 8ee419a5-1081-3ad2-ac06-2d9240395074
|i d7cec760-94a0-375e-82e1-6609e6306ed3
|t 0
|
| 952 |
f |
f |
|a Texas A&M University
|b College Station
|c Electronic Resources
|s www_evans
|d Available Online
|t 0
|h No information provided
|
| 998 |
f |
f |
|t 0
|l Available Online
|